El agua (problemática) de cada día

Uloženo v:
Podrobná bibliografie
Médium: Kniha
Jazyk:Spanish
Témata:
Tagy: Přidat tag
Žádné tagy, Buďte první, kdo vytvoří štítek k tomuto záznamu!

MARC

LEADER 00000nam a22000007a 4500
003 cru IIS
005 20231011062613.0
008 220131b |||||||| |||| 00| 0 spa d
040 |c cru IIS 
245 3 |a El agua (problemática) de cada día 
300 |a páginas 6-7 
500 |a Colección Centroamérica 
650 0 |9 4516  |a AGUA 
650 0 |9 474  |a ABASTECIMIENTO DE AGUA 
650 0 |9 10242  |a CONSERVACION DEL AGUA 
650 0 |9 2126  |a MOVILIZACION SOCIAL 
650 0 |a CONTAMINACION DEL AGUA  |9 5753 
773 0 |0 42115  |9 6544  |a Universidad Centroamericana José Simeón Cañas (UCA)  |d San Salvador, El Salvador: Universidad Centroamericana José Simeón Cañas. Centro Universitario de Documentación e Información  |o 00002  |t El Salvador Proceso:  |x 02599864 
942 |2 ddc  |c PP 
999 |c 44071  |d 44071